Academic emotions : feeling the institution /

Bibliographic Details
Main Author: Barclay, Katie (Author)
Corporate Author: Cambridge University Press
Format: eBook
Language:English
Published: Cambridge, United Kingdom ; New York, NY, USA : Cambridge University Press, 2021.
Series:Cambridge elements. Elements in histories of emotions and the senses.
Subjects:
Online Access:Connect to the full text of this electronic book

MARC

Tag First Indicator Second Indicator Subfields
LEADER 00000nam a2200000Ii 4500
001 in00004565639
003 OCoLC
005 20211207093049.7
006 m o d
007 cr cnu---unuuu
008 211207s2021 enk ob 000 0 eng d
024 8 |a 40031071167 
040 |a YDX  |b eng  |e rda  |c YDX 
020 |a 9781108990707  |q electronic book 
020 |a 1108990703  |q electronic book 
020 |z 9781108964944 
035 |a (OCoLC)1287762977 
050 4 |a LB1072  |b .B37 2021 
082 0 4 |a 370.1534  |2 23 
100 1 |a Barclay, Katie,  |e author. 
245 1 0 |a Academic emotions :  |b feeling the institution /  |c Katie Barclay. 
264 1 |a Cambridge, United Kingdom ;  |a New York, NY, USA :  |b Cambridge University Press,  |c 2021. 
300 |a 1 online resource ( 71 pages.) : 
336 |a text  |b txt  |2 rdacontent 
337 |a computer  |b c  |2 rdamedia 
338 |a online resource  |b cr  |2 rdacarrier 
490 1 |a Elements in histories of emotions and the senses 
504 |a Includes bibliographical references. 
588 |a Description based on online resource; title from digital title page (viewed on December 07, 2021). 
650 0 |a Affective education. 
650 0 |a Educational psychology. 
650 0 |a Emotions (Philosophy) 
650 0 |a College teachers  |x Psychology. 
650 0 |a Universities and colleges  |x Psychological aspects. 
655 7 |a Electronic books.  |2 local 
710 2 |a Cambridge University Press 
830 0 |a Cambridge elements.  |p Elements in histories of emotions and the senses. 
856 4 0 |u http://proxy.library.tamu.edu/login?url=https://doi.org/10.1017/9781108990707  |z Connect to the full text of this electronic book  |t 0 
945 |a machinegen  |b 285250 
955 |a YBP purchased approval e-records 
980 |b ebook  |c 40031071167  |f NONFIC/B  |g 565751  |k USD  |m 115.00  |q 1  |s AcqMono Conventional  |t Approval plan  |u Vendor order reference number  |v ZYBP  |y E-approvals  |z Electronic resource 
999 f f |i 76676e87-432a-427f-8000-f0f43c82a91e  |s c3ba2b96-6f6d-43f1-93c2-4f865feaa713  |t 0 
952 f f |a Texas A&M University  |b College Station  |c Electronic Resources  |s www_evans  |d Available Online  |t 0  |e LB1072 .B37 2021  |h Library of Congress classification